000 01108nam a22002657a 4500
005 20170731161315.0
010 _a1617EN ENG-117314
020 _a9789382616771
_c199.00
020 _a9789382616764
_c300.00 (AV)
035 _aB-648979-990
035 _aEN-100846
035 _aB-667306
037 _adpl
_bAakar
037 _bDBAD/PUB
082 _a158.1
100 _aHarris, Russ
245 _aThe happiness trap pocketbook stop struggling,start living :
_cby Russ Harris [and] Bev Aisbett
_ban illustrated guide /
260 _aNew Delhi
_bPan Macmillan
_c2016
270 _a707 Kailash Building ,26, K.G.Marg
_bNew Delhi
_e110001
300 _aviii,158p.
_c21cm(pbk]
700 _a Aisbett, Bev
942 _2ddc
_cEN
_h158.1
_mRUS
999 _c102167
_d102167